Movies Quiz

Random Movies or Numbers Quiz

Variety Weekly #1s from 2006 Quiz Stats

 Plays Quiz not verified by Sporcle

Support Sporcle.
Go Orange.
Score 0/40 Timer 07:00
0 Plays Today
Keywords Movie % Correct
Clouseau, Diamond, France, Coach, RingThe Pink Panther
73.5%
Secret, Murder, Chase, Opus Dei, PaintingThe Da Vinci Code
73.5%
Europe, Backpacker, Bratislava, Slovakia, FriendHostel
67.6%
Penguin, Dance, Antarctica, Love, Tap DancingHappy Feet
67.6%
Crystal, Kryptonite, Hope, Fortress of Solitude, Christian ParableSuperman Returns
64.7%
Davy Jones, Jack Sparrow, Compass, Key, HeartPirates of the Caribbean: Dead Man's Chest
61.8%
Valley, Mammoth, Flood, Sloth, Squirrel, Tiger Ice Age: The Meltdown
58.8%
Remote Control, Workaholic, Architect, Inventor, ArgumentClick
58.8%
Nascar, Racing, French, Friend, Car RacingTalladega Nights: The Ballad of Ricky Bobby
58.8%
Magician, Rivalry, Secret, Illusion, DeceitThe Prestige
58.8%
Police, Undercover, State Police, Irish Mafia, InformerThe Departed
52.9%
Poker, Terrorist, Montenegro, Terrorism, BloodCasino Royale
52.9%
Dysfunctional Family, Vacation, Road Trip, Colorado, Recreational VehicleRV
50%
Friendship, Route 66, Tow Truck, Small Town, TrophyCars
50%
Mutant, Battle, Outrage, Accidental Killing, Crushed to DeathX-Men: The Last Stand
47.1%
Philadelphia Eagles, Bartender, NFL, Director Also Cinematographer, Lifting Someone Into The AirInvincible
44.1%
Fish Hook Through Cheek, Male Nudity, Horse Semen, Stunt, BullJackass Number Two
44.1%
Bank, Hostage, Negotiation, Police, HeistInside Man
41.2%
Jaguar, Tribe, Maya, Hunting, TempleApocalypto
41.2%
Salesman, Internship, Stockbroker, Based On A True Story, InnovationThe Pursuit of Happyness
41.2%
Keywords Movie % Correct
Texas, College Basketball, Basketball, Coach, CollegeGlory Road
38.2%
Doctor, Car Accident, Brain Tumor, Torture, RevengeSaw III
32.4%
Watchman, Chaos, Skeleton, Cowboy, MonkeyNight at the Museum
29.4%
California, TV Reporter, Cross Country, Jew , EtiquetteBorat: Cultural Learnings of America for Make Benefit Glorious Nation of Kazakhstan
23.5%
Vampire, Death, Hybrid, Forbidden Love, BattleUnderworld: Evolution
20.6%
Dog, Survival, Expedition, Rescue, UnderwaterEight Below
17.6%
Government, Terrorist, Secret Police, Fascist, PoliceV for Vendetta
17.6%
Undercover, FBI, Nanny, FBI Agent, CheerleadingBig Momma's House 2
14.7%
Hunter, Deer, Grizzly, Forest, BearOpen Season
14.7%
Children, Police, High School, Babysitting, BabysitterWhen a Stranger Calls
11.8%
Alien Invasion, Male Nudity, Racial Stereotype, Panties, Boyfriend Boyfriend RelationshipScary Movie 4
11.8%
Rescue, Mission, Vatican, Arms Dealer, EscapeMission: Impossible III
11.8%
Art, Condominium, Female Nudity, Dating, BaseballThe Break-Up
11.8%
Undercover, Detective, FBI, Murder, Drug DealerMiami Vice
8.8%
Passenger, Murder, Witness, FBI, FBI AgentSnakes on a Plane
8.8%
Student, Warlock, Dream Sequence, Fight, Car ChaseThe Covenant
8.8%
Murder, Juvenile Delinquency, Fight, Fighting, Shot In The ArmGridiron Gang
8.8%
Friend, Mockingbird, Secret, Slacker, DogFailure to Launch
5.9%
Creature, Sleepwalking, Little Girl, Night, TrappedSilent Hill
5.9%
Court Order, Confrontation, Bus Driver, Spanking, ReflectiveMadea's Family Reunion
2.9%

You're not logged in!

Compare scores with friends on all Sporcle quizzes.
OR
Log In

From the Vault

Lead Singers II

by Ben

This is just a primer for when some of these lead singers decide to destroy the band and start their solo careers
Remove Ads.
Support Sporcle.
Get the best of Sporcle when you Go Orange. This ad-free experience offers more features, more stats, and more fun while also helping to support Sporcle. Thank you for becoming a member.

Show Comments

Extras

Created Feb 8, 2011ReportNominate
Tags:Numbers Quiz, 2006, Variety

Top Quizzes Today


Score Distribution

Your Account Isn't Verified!

In order to create a playlist on Sporcle, you need to verify the email address you used during registration. Go to your Sporcle Settings to finish the process.

Report this User

Report this user for behavior that violates our Community Guidelines.

Details: